<?xml version="1.0" encoding="UTF-8"?><?xml-stylesheet type="text/xsl" href="static/style.xsl"?><OAI-PMH xmlns="http://www.openarchives.org/OAI/2.0/" xmlns:xsi="http://www.w3.org/2001/XMLSchema-instance" xsi:schemaLocation="http://www.openarchives.org/OAI/2.0/ http://www.openarchives.org/OAI/2.0/OAI-PMH.xsd"><responseDate>2026-04-17T11:23:33Z</responseDate><request verb="GetRecord" identifier="oai:www.recercat.cat:20.500.14342/2393" metadataPrefix="marc">https://recercat.cat/oai/request</request><GetRecord><record><header><identifier>oai:recercat.cat:20.500.14342/2393</identifier><datestamp>2025-03-11T20:19:12Z</datestamp><setSpec>com_2072_482405</setSpec><setSpec>com_2072_183628</setSpec><setSpec>col_2072_482411</setSpec></header><metadata><record xmlns="http://www.loc.gov/MARC21/slim" xmlns:dcterms="http://purl.org/dc/terms/" xmlns:xsi="http://www.w3.org/2001/XMLSchema-instance" xmlns:doc="http://www.lyncode.com/xoai" xsi:schemaLocation="http://www.loc.gov/MARC21/slim http://www.loc.gov/standards/marcxml/schema/MARC21slim.xsd">
   <leader>00925njm 22002777a 4500</leader>
   <datafield ind2=" " ind1=" " tag="042">
      <subfield code="a">dc</subfield>
   </datafield>
   <datafield ind2=" " ind1=" " tag="720">
      <subfield code="a">Cols Catasús, Mercè</subfield>
      <subfield code="e">author</subfield>
   </datafield>
   <datafield ind2=" " ind1=" " tag="720">
      <subfield code="a">Ibarz Mellado, Andreu</subfield>
      <subfield code="e">author</subfield>
   </datafield>
   <datafield ind2=" " ind1=" " tag="260">
      <subfield code="c">2017-12-04</subfield>
   </datafield>
   <datafield ind2=" " ind1=" " tag="520">
      <subfield code="a">This article highlights the education of Catholic religion teachers through out their initial training from their experience at university. By thoroughly analysing the students’ narratives, elements for reflection and analysis are proposed with the aim of helping us to construct a genuinely educational, Church-linked education for prospective teachers. Also this contribution is intended to be a shaping element for the DECA (Ecclesiastical Declaration of Academic Competence) itinerary at the Faculty.</subfield>
   </datafield>
   <datafield ind2=" " ind1=" " tag="520">
      <subfield code="a">Aquest article posa de relleu la formació de mestres de religió catòlica durant el procés de formació inicial a partir de la seva experiència viscuda a la Universitat. A través de l’anàlisi en profunditat de les narratives dels estudiants, s’aporten elements per a la reflexió i l’anàlisi amb la intenció que ens ajudin a bastir una formació dels futurs mestres genuïnament educativa i vinculada a l’Església, i que aquesta contribució sigui un element configurador de l’itinerari de la DECA a la Facultat.</subfield>
   </datafield>
   <datafield ind1="8" ind2=" " tag="024">
      <subfield code="a">http://hdl.handle.net/20.500.14342/2393</subfield>
   </datafield>
   <datafield tag="653" ind2=" " ind1=" ">
      <subfield code="a">Mestres - Formació</subfield>
   </datafield>
   <datafield tag="653" ind2=" " ind1=" ">
      <subfield code="a">Educació religiosa</subfield>
   </datafield>
   <datafield ind2="0" ind1="0" tag="245">
      <subfield code="a">Testimonis d’un procés de formació inicial a partir de la seva narrativa</subfield>
   </datafield>
</record></metadata></record></GetRecord></OAI-PMH>